000 00325nam a2200133Ia 4500
008 231129s1986||||xx |||||||||||||| ||spa||
040 _bspa
082 _a511.3 A471p
100 _aAluma Dominguez Dario
245 0 _a200 problemas graficos de razonamiento
260 _c1986
264 _aGraficas Fenix
942 _2ddc
_cBKS
999 _c4223
_d4223